Riconosci la Squadra di calcio - Quiz n°124 - Statistics

Statistiche generali
  • Questo quiz è stato fatto 2 volte
  • Il punteggio medio è 5 su 10
Statistiche sulle risposte
Indizio Risposta % Corretto
Titoli nazionali 2 Titoli d'Inghilterra
100%
Colori sociali Bianco, blu
100%
Simboli Terrier
100%
Confederazione UEFA
100%
Trofei internazionali 0
50%
Trofei nazionali 1 Coppa d'Inghilterra1 Community Shield
50%
Fondazione 1908
0%
Capienza Stadio 24 169 posti
0%
Squadra Huddersfield Town
0%
Divisione nazionale 2023-2024 Seconda
0%
Nessun quiz corrispondente trovato
Distribuzione punteggi
Percentuale di utenti per punteggio
Percentile per numero di risposta
I tuoi punteggi nel tempo
Non hai fatto questo quiz